Wybory - quiz - Statystyki

Ogólne statystyki
  • Ten quiz został rozwiązany 47 razy
  • Średni wynik to 10 z 13
Statystyki odpowiedzi
Obrazkowy Odpowiedź % Poprawnych
Grzegorz Braun
100%
Karol Nawrocki
88%
Joanna Senyszyn
85%
Rafał Trzaskowski
85%
Sławomir Mentzen
85%
Adrian Zandberg
81%
Krzysztof Stanowski
81%
Magdalena Biejat
81%
Szymon Hołownia
81%
Maciej Maciak
73%
Marek Jakubiak
73%
Marek Woch
69%
Artur Bartoszewicz
58%
Nie znaleziono quizów pasujących do podanych kryteriów
Rozkład punktacji
Procent ludzi z każdym wynikiem
Percentyl według liczby udzielonych odpowiedzi
Twoja historia wyników
Nie rozwiązałeś tego quizu